000 00336 a2200157 4500
001 179954
020 _a
040 _cMagnum
100 _aChiavenato, Julio Jose
240 1 0 _aA guerra do paraguai
_lpor
245 1 0 _aA guerra do paraguai
362 0 _a1899
440 1 _aÁtica
697 _aMAGNITO: PARADIDATICO
942 _cBK
999 _c179954
_d179954